01799 a2200181 45000010006000000050017000060080041000230030015000640400040000790800086001192450061002050200018002662500012002842640034002963000019003305051243003491000025015925440020260407155817.0260407a1983 arg spa dAR-UNSa-BCEJYS aAR-UNSa-BCEJYSbspacAR-UNSa-BCEJYS a321xFormas de la organización política. Los estados como poderes políticos10aPartidos políticospteoría general y régimen legal a950-14-0133-2 a4a. ed. 1aBuenos Aires :bDepalmac1983 a196 p.c23 cm. aI. Los partidos políticos como tema de la ciencia política - II. Los partidos como hecho social constante - III. Relación genética entre los partidos políticos y el régimen democrático representativo - IV. Noción de partido político y posibilidad de una teoría general - V. Clasificaciones de los partidos políticos - VI. Funciones propias y rasgos característicos de los partidos políticos - VII. Defectos,desviaciones y desnaturalización de los partidos políticos - VIII. Temas para una teoría general de los partidos políticos: Organización y funcionamiento,dirigentes,miembros,doctrinas y programas,disciplina partidaria,luchas y colaboraciones,etc. - IX. Reglamentación legal de los partidos políticos.Principios generales - X. La reglamentación legal de los partidos políticos en la República Argentina - XI. La ley orgánica de los partidos políticos (N° 16.652) - XII. La "Revolución Argentina" frente a los partidos políticos - XIII. La Ley 19.106,el gobierno del 25 de Mayo de 1973 al 24 de Marzo de 1976,el "proceso de reorganización nacional" y los partidos políticos - XIV. La ley orgánica de los partidos políticos promulgada el 26 de Agosto de 1982 (N° 22.627)1 aLópez, Mario Justo